Politický a ekonomický slang
Salvato in:
| Autore principale: | |
|---|---|
| Natura: | Libro |
| Lingua: | ceco |
| Pubblicazione: |
Praha
TRITON
2005
|
| Soggetti: | |
| Tags: |
Nessun Tag, puoi essere il primo ad aggiungerne!!
|
MARC
| LEADER | 00000nam$a2200000$$$4500 | ||
|---|---|---|---|
| 001 | 0058777 | ||
| 005 | 20240315114631.9 | ||
| 020 | |a 80-7254-551-5 | ||
| 041 | 0 | |a cze | |
| 044 | |a CZ | ||
| 245 | 1 | 0 | |a Politický a ekonomický slang |c Martin Gregor |
| 264 | 1 | |a Praha |b TRITON |c 2005 | |
| 300 | |a 150 s. | ||
| 610 | 2 | 0 | |a politika |
| 610 | 2 | 0 | |a ekonómia |
| 610 | 2 | 0 | |a terminológia |
| 610 | 2 | 0 | |a pojmy |
| 100 | 1 | |a Gregor, Martin | |